Contra viento y marea: mujeres trabajadoras domésticas, migrantes nicaragüenses, navegando en el mundo de las nuevas tecnologías de la información y la computación /
El presente documento constituye la memoria del proyecto "Fortalecimiento de las capacidades de las mujeres para el uso de nuevas tecnologías de la información y comunicación", cuyo ejecución- desde octubre de 2007 hasta noviembre de 2008- estuvo a cargo de la Asociación de Trabajadoras Do...
Uloženo v:
| Hlavní autor: | |
|---|---|
| Médium: | Neznámo |
| Jazyk: | Spanish |
| Vydáno: |
Costa Rica :
UNIFEM,
|
| Témata: | |
| On-line přístup: | www.unifem.org.mx |
| Tagy: |
Přidat tag
Žádné tagy, Buďte první, kdo vytvoří štítek k tomuto záznamu!
|
MARC
| LEADER | 00000 a2200000 04500 | ||
|---|---|---|---|
| 001 | 41797 | ||
| 003 | cru CIDCACS/IIS | ||
| 005 | 20171027142613.0 | ||
| 008 | 050702s2010 cr spa d | ||
| 999 | |c 12210 |d 12210 | ||
| 020 | |a 978-1-936291-25-0 | ||
| 040 | |c CIDCACS/IIS | ||
| 090 | |a 05.03.04 O65c | ||
| 100 | |a Ordóñez Laclé, Camila | ||
| 245 | |a Contra viento y marea: |b mujeres trabajadoras domésticas, migrantes nicaragüenses, navegando en el mundo de las nuevas tecnologías de la información y la computación / |c Camila Ordoñez Laclé | ||
| 260 | |a Costa Rica : |b UNIFEM, | ||
| 300 | |a 131 páginas | ||
| 520 | |a El presente documento constituye la memoria del proyecto "Fortalecimiento de las capacidades de las mujeres para el uso de nuevas tecnologías de la información y comunicación", cuyo ejecución- desde octubre de 2007 hasta noviembre de 2008- estuvo a cargo de la Asociación de Trabajadoras Domésticas (ASTRADOMES), la Alianza de Mujeres Costarricenses (AMC), el Programa de Nacionales Unidos para el Desarrollo (PNUD) y la CISCO Networking Academy (CNA, y fue gestado por el Programa la Agenda Económica de las Mujeres (AGEM). El principal objetivo de esta memoria ha sido incorporar las voces de las diferentes personas involucradas, y recopilar las lecciones aprendidas, las experiencias, las dinámicas y, sobre todo, el impacto del proyecto. | ||
| 590 | |a DISEMINAR072011/RRA/AGOSTO2011 | ||
| 650 | |a MUJERES | ||
| 650 | |a NICARAGUENSES | ||
| 650 | |a MIGRANTES | ||
| 650 | |a CAPACITACION | ||
| 650 | |a TECNOLOGIA DE LA INFORMACION | ||
| 650 | |a EVALUACION DE PROYECTOS | ||
| 650 | |a PROYECTOS DE EDUCACION | ||
| 650 | |a COSTA RICA | ||
| 856 | |u www.unifem.org.mx | ||
| 942 | |2 ddc |c LI | ||



